000 00518nam a2200205 a 4500
001 BRCA_5424
005 20190320205054.0
008 131210s1946----nyua######---#000-0#eng-#
041 _aeng
044 _anyu
050 4 _aN6750
_b.L34 1946
100 1 _aLaFarge, Henry
_913856
245 1 0 _aLost treasures of Europe
_cedited by Henry LaFarge.
260 _aNueva York
_bPantheon Books
_c1946
300 _a39 p.
_bil.
_c26 cm.
500 _aE141
650 1 4 _aArte
_zEuropa
_97953
902 _aGFM
942 _2lcc
_cB
999 _c5118
_d5118